000 00805cab a2200241 4500
001 ABS56158
008 090401t1996 xxu||||| |||| 00| 0 eng d
035 _a(Sirsi) u21639
041 _aeng
100 _aValentine, D.G.
245 4 _aThe New Engineering Contract: Part 3 - late completion and liquidated damages
260 _c1996
350 _a0
490 _aConstruction Law Journal
_v[1996] 12 Const.L.J. 5, 313-325(7)
520 _aExplores shortfalls in the NEC on late completion and liquidated damages, with examples of typical problems encountered.
650 _aLATE COMPLETION
650 _aLIQUIDATED DAMAGES
650 _aNEW ENGINEERING CONTRACT
650 _aPARTIAL COMPLETION
690 _aBUILT ENVIRONMENT-BUILDING CONTRACT FORMS
942 _n0
948 _c04/03/1997
999 _c14515
_d14515